Elementos de filosofía cristiana

Uloženo v:
Podrobná bibliografie
Hlavní autor: Gilson, Étienne (autor)
Médium: Kniha
Jazyk:španělština
Vydáno: Madrid Rialp 1970
Edice:Manuales de la Biblioteca del Pensamiento Actual, 20
Témata:
Tagy: Přidat tag
Žádné tagy, Buďte první, kdo vytvoří štítek k tomuto záznamu!

MARC

LEADER 00000nam a2200000 a 4500
001 UCZ2203
003 CL-VaPUC
008 950926e19700000SP |||||||||||||||||spa|d
082 0 4 |a 190  |b GIL  |2 21 
100 |a Gilson, Étienne  |e autor  |9 349171 
245 1 0 |a Elementos de filosofía cristiana 
300 |a 363 p 
942 |c BK 
945 |d 19950926 00:00:00  |a cmena 
260 |a Madrid  |b Rialp  |c 1970 
650 0 |a Filosofía cristiana   |9 265980 
650 0 |a Escolasticismo  |9 264998 
650 0 |a Teología   |9 258766 
650 0 |a Religión   |9 255164 
650 0 |a Tomismo  |9 259214 
583 |a last modification  |c 19950926 00:00:00  |k Rodrigo Vera 
490 0 |a Manuales de la Biblioteca del Pensamiento Actual, 20 
999 |c 238846  |d 238844 
952 |0 0  |1 0  |4 0  |6 190_000000000000000_GIL_1970  |7 0  |8 A  |9 249397  |a BIBEDU  |b BIBEDU  |d 2019-11-18  |i 1565656  |l 1  |o 190 GIL 1970  |p 1565656  |r 2024-04-03  |s 2024-03-28  |w 2019-11-18  |y BK  |k FIL